| 000 | 00428nam a2200145Ia 4500 | ||
|---|---|---|---|
| 008 | 100415s9999 xx 000 0 und d | ||
| 082 |
_b4711 _a590 |
||
| 100 | _aB.U.S | ||
| 245 | _aUnited States National Museum Bulletin No.167 | ||
| 260 |
_aWASHINGTON _c1937 _bU.S. GOVT. |
||
| 365 | _b0 | ||
| 630 | _aUnited States National Museum Bulletin No.167 | ||
| 730 | _aUnited States National Museum Bulletin No.167 | ||
| 942 | _cBOOK | ||
| 999 |
_c587695 _d587692 |
||